[Event "GCT Saint Louis Blitz 2018"]
[Site "Saint Louis"]
[Date "2018.08.14"]
[Round "3"]
[White "Aronian, Levon"]
[Black "Mamedyarov, Shakhriyar"]
[Result "1-0"]
[WhiteElo "2871"]
[BlackElo "2795"]
[Annotator "TA"]
[PlyCount "67"]
[EventDate "2018.08.14"]
[EventType "tourn"]
[EventCountry "USA"]
[SourceTitle "playchess.com"]
[Source "ChessBase"]
[SourceQuality "1"]

{[%evp 17,67,11,31,9,24,21,42,44,45,46,49,42,51,49,102,43,87,83,77,73,147,133,162,155,161,146,312,323,404,406,402,384,432,352,347,351,401,254,560,539,881,899,806,751,789,762,1234,1204,1243,1214,2757,2936]} 1. e4 c6 2. d4 d5 3. exd5 cxd5 4. c3 Nf6 5. Bd3 Nc6 6. h3 g6 7. Nf3 Bf5 8. O-O Bg7 9. Re1 O-O {LiveBook: 24 Partien} 10. Bf1 {B13: Caro-Kann (Abtausch-Variante 4.c4)} (10. Bf4 Bxd3 11. Qxd3 e6 12. Nbd2 Rc8 13. Ne5 Nxe5 14. Bxe5 Qb6 15. Rab1 Rfd8 16. a3 Qc6 17. Qf3 Ne8 18. Bxg7 Kxg7 19. Qf4 Qc7 20. Qh4 Nd6 {½-½ (77) Manik,M (2400)-Sadhwani,R (2409) Pardubice 2018}) 10... a6 11. Bf4 Ne4 $146 ({Vorgänger:} 11... Rc8 12. Nbd2 {½-½ (12) Hiermann,D (2245)-Mostbauer,F (2296) Traun 2017}) 12. Nbd2 {Weiß steht etwas besser.} Re8 13. Nxe4 Bxe4 14. Nd2 Bf5 15. Nb3 Qb6 {[#]} ({Lieber} 15... b6 $14) 16. a4 (16. g4 $1 $16 {[%cal Rg4f5]} Bc8 17. Bg2) 16... Na5 17. Nxa5 Qxa5 18. Qb3 Ra7 {[#]} ({Besser ist} 18... Bc8) 19. Bd6 $1 $36 {[%mdl 2048] Schwarz steht unter starkem Druck.} Qd8 20. Bc5 Ra8 21. Qxb7 {[%cal Re1e7]} Rb8 $2 (21... e5 $16 22. a5 (22. Bxa6 Rb8 $11) 22... Qc8 23. Qxd5 Rd8) 22. Qxa6 $18 Rxb2 23. Bb5 Bd7 24. Rab1 Ra2 25. Bxd7 Qxd7 26. Qb5 Qc8 27. Bxe7 h5 $2 (27... Bf8) 28. a5 {[%cal Ba4a5,Ba5a6][%mdl 32] Weiß steht klar auf Gewinn.} Kh7 29. Qxd5 Rc2 30. Bb4 Rxe1+ 31. Rxe1 Qc7 32. a6 Qf4 33. Rf1 Rc1 34. g3 {Precision: Weiß = 83%, Schwarz = 23%.} ({Schwächer ist} 34. a7 Rxf1+ 35. Kxf1 Qc1+ 36. Ke2 Qc2+ 37. Kf3 Qd3+ 38. Kf4 Qd2+ 39. Kg3 h4+ 40. Kf3 (40. Kh2 Qf4+ 41. Kg1 Qc1+ 42. Kh2 Qf4+ 43. Kh1 Qc1+ 44. Kh2 Qf4+ $11) 40... Qd1+ 41. Ke3 (41. Kf4 Qd2+ 42. Kf3 Qd1+ 43. Ke3 Bh6+ 44. f4 Qc1+ 45. Kd3 Qb1+ 46. Kc4 Qa2+ 47. Kc5 Qxa7+ 48. Kb5 Bxf4 $16) 41... Bh6+ 42. f4 Qe1+ 43. Kd3 Qb1+ 44. Kc4 (44. Ke2 Qc2+ 45. Ke3 Qc1+ 46. Ke2 Qc2+ 47. Ke3 Qc1+ 48. Kd3 Qb1+ 49. Kc4 Qa2+ 50. Kc5 Qxa7+ 51. Kb5 Bxf4 $16) 44... Qa2+ 45. Kc5 Qxa7+ 46. Kb5 Bxf4 $16) 1-0

[Event "GCT Saint Louis Blitz 2018"]
[Site "Saint Louis"]
[Date "2018.08.14"]
[Round "3"]
[White "Grischuk, Alexander"]
[Black "Karjakin, Sergey"]
[Result "1/2-1/2"]
[WhiteElo "2831"]
[BlackElo "2898"]
[Annotator "TA"]
[PlyCount "138"]
[EventDate "2018.08.14"]
[EventType "tourn"]
[EventCountry "USA"]
[SourceTitle "playchess.com"]
[Source "ChessBase"]
[SourceQuality "1"]

{[%evp 17,138,-5,0,0,0,0,17,0,8,18,13,16,12,0,0,16,8,9,16,20,35,43,45,43,112,60,85,7,73,0,175,133,146,145,163,82,95,74,95,86,91,90,81,0,0,0,0,0,0,0,0,0,0,0,0,0,0,0,0,0,0,0,0,-8,0,0,0,0,0,0,12,12,12,12,17,17,17,17,17,17,17,12,17,8,12,12,12,12,12,12,12,12,12,12,16,16,35,34,34,12,12,12,12,12,16,8,35,35,35,16,16,16,16,16,16,16,16,8,8,8,8,8,8]} 1. e4 e5 2. Nf3 Nc6 3. d4 exd4 4. Bc4 Bc5 5. Ng5 Nh6 6. Nxf7 Nxf7 7. Bxf7+ Kxf7 8. Qh5+ g6 9. Qxc5 d5 {LiveBook: 8 Games. C44: Ponziani Opening and Scotch Gambit} 10. O-O dxe4 11. c3 Be6 $146 ({Predecessor:} 11... Re8 12. cxd4 Nxd4 13. Nc3 b6 14. Qc4+ Be6 15. Qa4 c5 16. Nxe4 Bd5 17. f3 Bxe4 18. fxe4+ {½-½ (104) Kovalev,V (2655)-Kramnik,V (2792) Dortmund 2018}) 12. Bf4 Qd5 13. cxd4 Qxd4 14. Qc1 Bc4 15. Re1 Bd3 16. Nc3 Rhe8 17. Bxc7 Rac8 18. Bg3 Kg8 19. Qg5 Rf8 20. Rad1 {Hoping for Rxe4!} Rf5 (20... Qc4 $14) 21. Qg4 (21. Qh4 $16 Rh5 22. Qg4) 21... Re8 $14 22. Kh1 (22. h3 $16) 22... Re6 (22... Nb4 $11 {remains equal.}) 23. f3 (23. h3 $16) 23... Ne5 $2 {[#]} ({Don't play} 23... h5 $6 24. Qh4 $16) (23... exf3 $1 $11 {and Black has nothing to worry.} 24. Qxd4 Rxe1+ 25. Bxe1 Nxd4) 24. Bxe5 Rfxe5 25. Nxe4 Kg7 26. b3 ({White should try} 26. Qg3 $18) 26... Qb4 $16 {[%cal Rd3e4]} 27. h3 Bxe4 28. Rxe4 Rxe4 29. fxe4 Rxe4 {[%mdl 4096] Endgame KQR-KQR} 30. Qg3 ({Better is} 30. Rd7+ $16 Kh6 31. Qf3) 30... Qe7 $11 31. Kh2 Kh6 32. Rd5 a6 33. Qd3 Qc7+ 34. Qg3 Qxg3+ 35. Kxg3 {KR-KR} Re2 36. Rd7 b5 37. a4 Re3+ 38. Kf4 Rxb3 {And now ...Rb4+ would win.} 39. axb5 Rb4+ 40. Kf3 axb5 41. Rb7 Rb1 42. Kf4 g5+ 43. Kg4 b4 44. Rb6+ Kg7 45. Kxg5 Rc1 46. Rb7+ Kg8 47. Rxb4 Rc5+ 48. Kf6 {[#] Intending Rb8+ and mate.} Rc6+ 49. Ke5 Rc5+ 50. Kd6 Rc2 51. Rg4+ Kf7 52. Ke5 Rc5+ 53. Kd4 Ra5 54. Ke3 Ra3+ 55. Kf4 Ra5 56. Rg5 Ra3 57. Rg3 Ra5 58. Rf3 Kg6 59. Rb3 Ra4+ 60. Kf3 Rc4 61. g4 Ra4 62. Kg3 h6 {[%cal Bh7h6,Bh6h5][%mdl 32]} 63. Kh4 Ra5 {The position is equal.} 64. Rb6+ Kg7 65. Rc6 Rb5 66. Rc3 Ra5 67. Kg3 h5 68. Rc7+ Kg6 69. Rc6+ Kg7 {Precision: White = 68%, Black = 61%.} 1/2-1/2

[Event "GCT Saint Louis Blitz 2018"]
[Site "Saint Louis"]
[Date "2018.08.14"]
[Round "3"]
[White "Anand, Viswanathan"]
[Black "So, Wesley"]
[Result "1/2-1/2"]
[WhiteElo "2812"]
[BlackElo "2800"]
[Annotator "TA"]
[PlyCount "115"]
[EventDate "2018.08.14"]
[EventType "tourn"]
[EventCountry "USA"]
[SourceTitle "playchess.com"]
[Source "ChessBase"]
[SourceQuality "1"]

{[%evp 18,115,25,15,7,22,18,-6,-6,-7,-14,-75,-25,-11,-19,-68,-61,-75,-71,-65,-70,-114,-110,-107,-106,-140,-72,-72,-73,-82,-82,-79,-81,-81,-58,-87,-96,-90,-86,-100,-44,-106,-114,-154,-97,-106,0,-153,-121,-150,-151,-140,-71,-75,-65,-72,-74,-129,-117,-113,-89,-150,0,-95,-58,-112,-43,-71,-21,-20,-27,-27,-29,-28,-29,-14,-27,-50,-18,-50,-25,-10,0,0,0,0,0,0,0,0,0,0,0,0,0,0,0,0,0,0]} 1. e4 c5 2. Nf3 d6 3. Bb5+ Nd7 4. O-O a6 5. Bd3 Ngf6 6. c3 {B51: Sizilianisch (Rossolimo-Variante)} b5 7. Bc2 Bb7 8. Re1 c4 9. a4 e6 10. axb5 {LiveBook: 22 Partien} axb5 11. Rxa8 Qxa8 12. Na3 Bxe4 13. Bxe4 Nxe4 {[#]} 14. b4 $146 (14. d3 $11 cxd3 15. Nxb5 (15. Qxd3 d5 $11)) 14... d5 15. Nxb5 Qb7 $36 {[%mdl 2048] Schwarz steht aktiver.} 16. Nbd4 Be7 17. d3 cxd3 18. Qxd3 O-O 19. Bb2 Rc8 20. Ra1 Nb6 21. Qa6 Qxa6 (21... Qc7 $142 22. Nb5 Qd8) 22. Rxa6 $17 Nc4 23. Ba1 Bf6 24. Kf1 Kf8 25. Ke2 Ke8 26. Nb5 Rb8 27. Nbd4 Rb7 28. g3 Kd7 (28... h5 $17 29. Ra8+ Ke7) 29. h4 (29. Nb3 $1 $15) 29... h5 30. Ra8 Nb6 (30... Kc7 $142 31. Ra6 Rb6) 31. Ra6 Nc4 32. Ra8 $1 g6 33. Rf8 Ned6 {Droht stark ...Ta7.} 34. Ra8 Nb6 (34... Bd8 $142 35. Nc2 Bf6) 35. Ra6 Ne4 36. Nb3 Nc4 37. Nfd4 (37. Nfd2 $142 Ncxd2 38. Nxd2) 37... Be5 38. Nc6 Bd6 39. Ncd4 {[#]} ({Lieber} 39. Nca5 Nxa5 40. Nxa5) 39... Be5 (39... Bc7 $142 $1 {...Lb6 ist eine echte Drohung.} 40. Nf3 Bb6) 40. Nc6 $1 Rc7 41. Ncd4 (41. Nxe5+ $15 Nxe5 42. c4 Nxc4 43. Bd4) 41... Bxd4 ({Besser ist} 41... Rc8 $17 42. Kf3 Ke8) 42. cxd4 $15 Ke7 43. Nc5 Ned6 44. Bc3 Nb5 45. Kd3 Ra7 46. Rxa7+ Nxa7 $11 {[%mdl 4096] Endspiel KLS-KSS} 47. Bd2 Nb5 48. Be3 f6 49. Na4 e5 {Die Stellung ist ausgeglichen.} 50. dxe5 $1 fxe5 51. Nc3 Nxc3 52. Kxc3 {KL-KS} Kd6 53. Bc5+ Kc6 54. Bf8 Kb5 55. f3 Kc6 56. Kd3 Kb5 57. Kc3 Kc6 58. Kd3 {Precision: Weiß = 54%, Schwarz = 46%.} 1/2-1/2

[Event "GCT Saint Louis Blitz 2018"]
[Site "Saint Louis"]
[Date "2018.08.14"]
[Round "3"]
[White "Dominguez Perez, Leinier"]
[Black "Vachier-Lagrave, Maxime"]
[Result "0-1"]
[WhiteElo "2687"]
[BlackElo "2878"]
[Annotator "TA"]
[PlyCount "69"]
[EventDate "2018.08.14"]
[EventType "tourn"]
[EventCountry "USA"]
[SourceTitle "playchess.com"]
[Source "ChessBase"]
[SourceQuality "1"]

{[%evp 17,69,4,9,0,3,16,30,13,18,4,20,9,10,11,47,38,33,37,170,179,247,236,202,191,171,178,169,164,175,0,0,0,14,20,15,-4,25,-42,-29,-52,-61,-49,-55,-65,-57,-151,-142,-189,-117,-128,-106,-198,-85,-85]} 1. Nf3 c5 2. c4 Nf6 {[%cal Bg8f6,Bf6d5,Bd5b4,Bb4d3,Bd3f4][%mdl 32]} 3. Nc3 d5 4. cxd5 Nxd5 5. e4 Nb4 6. Bc4 Nd3+ 7. Ke2 Nf4+ {A34: Symmetrical English: 2 Nc3, lines with ...d5} 8. Kf1 Ne6 9. h4 Nd4 {LiveBook: 4 Games. The position is equal.} 10. Nb5 {With the idea Nfxd4.} Be6 11. d3 {next Nfxd4 is good for White.} Nbc6 12. Nbxd4 $146 (12. Bf4 {seems wilder.} Rc8 13. h5 Bxc4 14. dxc4 e6 15. Rh3) ({Predecessor:} 12. Bf4 Nxb5 13. Bxb5 Qb6 14. Ba4 Qa6 15. Rc1 {½-½ (41) Svidler,P (2751)-Vachier Lagrave,M (2804) Tbilisi 2017}) 12... Bxc4 13. dxc4 {White wants to play Be3.} cxd4 14. Bf4 e6 15. Rh3 Bc5 16. a3 a5 17. e5 O-O (17... Be7 $14) 18. Ng5 $1 $18 Be7 (18... h6 $142) 19. Qh5 $1 {[%csl Gg5][%cal Rh5h7]} h6 20. Ne4 f5 21. exf6 $1 Bxf6 22. Rg3 {Threatens to win with Bxh6.} Ne7 {[#]} 23. Nxf6+ $2 (23. Bxh6 $1 $18 Nf5 24. Rg6 Bxh4 25. Kg1) 23... Rxf6 $11 24. Be5 Nf5 25. Rf3 Rf7 26. Rd1 $132 {[%mdl 2048] White has counterplay} Qe7 {And now ...Qc5 would win.} 27. Qg4 ({But not} 27. Bxd4 Rd8 $17) (27. Kg1 $11 Raf8 28. Rf4 (28. Bxd4 Qd6 $14)) 27... Rc8 28. b3 a4 29. Kg1 axb3 30. Rxb3 Rxc4 31. g3 (31. Rbd3 $15) 31... Qc5 $17 32. Qe4 {[#]} Rd7 (32... Nxh4 $1 $19 {[%mdl 512]} 33. Bxd4 (33. Qxh4 Qxe5) 33... Qh5) 33. Rbd3 Qd5 34. Qf4 (34. Qe2 $17) 34... Rf7 (34... Qc6 $19 {has better winning chances.} 35. h5 Rc5) 35. Bxd4 {Precision: White = 40%, Black = 41%.} 0-1

[Event "GCT Saint Louis Blitz 2018"]
[Site "Saint Louis"]
[Date "2018.08.14"]
[Round "4"]
[White "Karjakin, Sergey"]
[Black "Dominguez Perez, Leinier"]
[Result "1/2-1/2"]
[WhiteElo "2898"]
[BlackElo "2687"]
[Annotator "TA"]
[PlyCount "34"]
[EventDate "2018.08.14"]
[EventType "tourn"]
[EventCountry "USA"]
[SourceTitle "playchess.com"]
[Source "ChessBase"]
[SourceQuality "1"]

{[%evp 13,34,38,34,31,52,-1,-16,-6,-16,-6,-12,-30,-31,-26,0,0,0,0,0,0,0,0,0]} 1. e4 e5 2. Nf3 Nc6 3. Bc4 Bc5 4. c3 Nf6 {[%cal Bg8f6,Bf6d5,Bd5f4,Bf4g2][%mdl 32]} 5. d3 O-O 6. a4 {C54: Giuoco Piano: 4 c3 Nf6, main lines with 5 d4 and 5 d3} (6. O-O d6 7. Re1 h6 8. Nbd2 a5 9. Nf1 Bb6 10. Be3 Bxe3 11. Nxe3 Be6 12. Bb5 Ne7 13. Ba4 Ng6 14. Bc2 Re8 15. d4 {1-0 (54) Vachier Lagrave,M (2789)-Caruana,F (2816) Paris 2018}) 6... d5 7. exd5 Nxd5 {LiveBook: 6 Games} 8. Nbd2 {White is slightly better.} Nf4 $146 ({Predecessor:} 8... Bf5 9. O-O Nf6 10. Re1 Re8 11. b4 Bd6 12. Nf1 h6 13. Ng3 Bg6 14. Nh4 Bh7 15. Nhf5 Bxf5 16. Nxf5 Qd7 17. Qf3 Rab8 18. Nxh6+ {1-0 (18) Wenzel,C (1613)-Engert,K (1291) Bad Homburg 2015}) 9. Ne4 (9. O-O $1 $14) 9... Nxg2+ $11 10. Kf1 Bh3 11. Kg1 {[#] Hoping for Nfg5.} h6 {[%cal Bh7h6,Bh6g5][%mdl 32] ...Be7 is the strong threat.} 12. Nfg5 hxg5 13. Qh5 Qc8 {[#] Threatens to win with ...Be7.} 14. Nf6+ $1 {[%mdl 512] The position is equal.} gxf6 15. Qg6+ $1 Kh8 16. Qh6+ Kg8 {( -> ...Nh4)} 17. Qg6+ $1 Kh8 1/2-1/2

[Event "GCT Saint Louis Blitz 2018"]
[Site "Saint Louis"]
[Date "2018.08.14"]
[Round "4"]
[White "Vachier-Lagrave, Maxime"]
[Black "Aronian, Levon"]
[Result "1/2-1/2"]
[WhiteElo "2878"]
[BlackElo "2871"]
[Annotator "TA"]
[PlyCount "74"]
[EventDate "2018.08.14"]
[EventType "tourn"]
[EventCountry "USA"]
[SourceTitle "playchess.com"]
[Source "ChessBase"]
[SourceQuality "1"]

{[%evp 25,74,8,13,19,17,4,22,0,0,0,11,0,0,-15,0,0,0,0,0,-7,0,-41,0,-7,0,0,-6,-25,16,16,61,63,63,-8,-8,-28,0,0,0,0,0,-8,-8,-8,-8,0,0,0,0,0,0]} 1. e4 e5 2. Nf3 Nc6 3. Bb5 Nf6 4. O-O Nxe4 5. d4 Nd6 6. Bxc6 dxc6 7. dxe5 Nf5 8. Qxd8+ Kxd8 9. h3 Be7 {C67: Spanische Partie (Berliner Verteidigung)} (9... Ke8 10. Nc3 b6 11. Bf4 Bb4 12. Ne4 Ba6 13. Rfc1 Be2 14. Nh2 Bc4 15. Rd1 Bd5 16. c3 Bxe4 17. cxb4 Rd8 18. e6 fxe6 19. Bxc7 Rxd1+ 20. Rxd1 {1-0 (51) Vachier Lagrave,M (2789)-Anand,V (2759) Leuven 2018}) 10. Nc3 Nh4 11. Nxh4 Bxh4 12. Be3 h5 13. Rad1+ Ke8 $1 {LiveBook: 6 Partien} 14. Ne2 Be7 15. Rd2 h4 16. Rfd1 Rh5 17. Bf4 {[#]} (17. Bd4 {is interesting.} Rf5 18. b3 Be6 19. Bb2 c5 20. c4) 17... a6 $146 ({Vorgänger:} 17... Rf5 18. Bh2 c5 19. c4 Be6 20. b3 c6 21. Nc3 a6 22. Ne4 b5 {½-½ (22) Grigoryev,V (2497)-Straka,Z (2584) ICCF email 2016}) 18. Bh2 Rh6 19. a3 {[%cal Ba2a3,Ba3a4][%mdl 32]} Be6 (19... c5 {seems wilder.} 20. e6 c6 21. exf7+ Kxf7 22. Nc1 c4) 20. Nd4 c5 21. Nxe6 Rxe6 22. a4 c4 23. Rd4 b5 24. Kf1 f5 (24... g5 {looks sharper.} 25. c3 Rd8 26. Rxd8+ Bxd8 27. axb5 axb5 28. Ra1 Kd7) 25. exf6 Bxf6 26. Rd7 bxa4 {[#] Und ...Tb8 würde nun gewinnen.} 27. Rxc7 Bxb2 28. Rxc4 a3 29. Ra4 (29. Rxh4 $14 Ra7 30. Ra4) 29... Rc8 $11 30. Rd6 Rc6 31. Rxe6+ {Die Stellung ist ausgeglichen.} Rxe6 {[%mdl 4096] Endspiel KTL-KTL} 32. Bf4 Kd7 33. Be3 Rc6 34. c4 {[#]} Rxc4 $1 {[%mdl 512]} 35. Rxc4 a2 36. Ra4 a1=Q+ 37. Rxa1 Bxa1 {Precision: Weiß = 48%, Schwarz = 47%.} 1/2-1/2

[Event "GCT Saint Louis Blitz 2018"]
[Site "Saint Louis"]
[Date "2018.08.14"]
[Round "4"]
[White "So, Wesley"]
[Black "Grischuk, Alexander"]
[Result "1/2-1/2"]
[WhiteElo "2800"]
[BlackElo "2831"]
[Annotator "TA"]
[PlyCount "122"]
[EventDate "2018.08.14"]
[EventType "tourn"]
[EventCountry "USA"]
[SourceTitle "playchess.com"]
[Source "ChessBase"]
[SourceQuality "1"]

{[%evp 34,122,0,0,0,-10,0,0,0,-2,-7,-35,-18,-150,-140,-104,58,89,89,0,0,0,0,0,134,142,143,92,73,79,77,46,47,0,0,-231,-224,-659,-655,-679,-672,-594,-558,-598,-555,-473,-19,-20,-20,-20,-19,-15,-12,-42,-25,-72,0,0,0,-195,-195,-195,-195,-155,0,-247,-229,-197,-160,-145,-154,-175,-175,-153,-145,-123,-48,-345,-339,-324,-269,-243,-226,-285,0,-129,-137,-106,-16,-15,-12]} 1. Nf3 Nf6 2. c4 g6 3. Nc3 Bg7 4. e4 d6 5. d4 O-O 6. Be2 e5 7. O-O Nc6 8. d5 Ne7 9. Ne1 Nd7 10. f3 f5 11. Be3 f4 12. Bf2 g5 13. g4 h5 14. h3 {E99: King's Indian: Classical Main Line: 9 Ne1 Nd7 10 f3 f5} Rf6 15. Nd3 Rh6 16. c5 Nf6 (16... Nxc5 17. Nxc5 dxc5 18. Bxc5 Ng6 19. Rc1 Bf8 20. Nb5 Bd6 21. Qb3 hxg4 22. fxg4 {1-0 (41) So,W (2719)-Van Wely,L (2672) Wijk aan Zee 2014 CBM 159 [Sumets,A]}) 17. Kg2 Ng6 18. Rh1 {LiveBook: 3 Games} Bf8 19. Rc1 $146 ({Predecessor:} 19. a4 Kg7 20. a5 dxc5 21. Nxc5 Bxc5 22. Bxc5 hxg4 23. hxg4 Rxh1 24. Qxh1 {1-0 (56) Rajlich,I (2421)-Antic,D (2505) Budapest 2006}) 19... a6 20. Qb3 Kg7 21. cxd6 Bxd6 22. Nc5 Qh8 23. Ne6+ (23. Rcg1 $11) 23... Bxe6 $1 $17 24. dxe6 Qh7 $2 (24... hxg4 $17 25. hxg4 Nh4+ 26. Bxh4 Rxh4) 25. Qxb7 $14 Rh8 {[#]} 26. Nb5 (26. Rcd1 $1 $16 {[%cal Rd1d6]} Be7 27. Rd3 (27. Qxc7 $2 hxg4 28. h4 g3 $17)) 26... axb5 $11 27. Rxc7+ Bxc7 28. Qxc7+ Ne7 (28... Kg8 $11 29. Qb8+ Kg7 30. Qc7+ Kg8 31. Qd8+ Kg7 32. Qc7+) 29. Qxe7+ $16 Kg6 30. Qxh7+ (30. Qc5 $142 hxg4 31. Qxe5 Rxh3 32. Qf5+ Kg7 33. Qxg5+ Qg6 34. Qxg6+ Kxg6 35. Rxh3 gxh3+ 36. Kh2) 30... R6xh7 31. gxh5+ ({But not} 31. Bxb5 hxg4 32. fxg4 Rd8 $11) 31... Nxh5 32. Bxb5 {Hoping for Bc5.} Kf6 $1 33. Bd7 {Black must now prevent Rd1.} Ng7 34. Rd1 $2 (34. e7 $11 {and White stays safe.} Kxe7 35. Bg4) 34... Rxh3 $19 35. Rd6 $2 {[#]} (35. e7 Rh2+ 36. Kf1) 35... g4 $1 {[%mdl 512]} 36. fxg4 f3+ 37. Kf1 Rh1+ 38. Bg1 R8h2 39. Rd3 Rxb2 $2 (39... Rh3 $19 40. Bb5 Rg3) 40. Rxf3+ $11 Ke7 41. Rf7+ Kd6 42. Rxg7 Rb1+ 43. Ke2 {Be3 is the strong threat.} Rhxg1 $15 {[%mdl 4096] Endgame KRR-KRB} 44. g5 Rg2+ (44... Rb2+ $17 45. Kf3 Rc2) 45. Kf3 $11 Rbg1 46. a4 $2 (46. Bc8 $1 $11 Rg3+ 47. Ke2) 46... Rg3+ $19 {[%mdl 1024] Black has strong compensation.} ({Don't play} 46... Rxg5 47. Rxg5 Rxg5 48. Kf2 $17) 47. Kf2 R1g2+ 48. Kf1 {[#]} Rb2 $2 (48... Rc2 $1 $17 {( -> ...Ra3)} 49. Be8 Ra3 50. Rd7+ Kxe6) 49. Bb5 $2 (49. Bc8 $1 $11 {and White is okay.} Rf3+ 50. Kg1) 49... Rc3 {[%cal Rc3c1]} ({Don't take} 49... Kxe6 50. Bd7+ Kd6 51. Bf5 $17) 50. Kg1 Rc1+ (50... Kxe6 $19 51. Ra7 Rc1+ 52. Bf1 Re2) 51. Bf1 $17 Kxe6 {Threatens to win with ...Ra2.} 52. Rg6+ Kf7 53. Rf6+ Kg7 54. Rf5 Rb4 (54... Rc5 $17 55. Bb5 Rc1+ 56. Bf1 Rb3) 55. a5 $2 {[%mdl 8192]} ({White must play} 55. Rxe5 $15 Rxa4 56. Rf5) 55... Rxe4 $19 56. a6 Ra4 57. Kg2 Ra2+ 58. Kg3 Ra4 $2 ({Better is} 58... Kg6 $19 59. Rf8 Kxg5 60. Rg8+ Kf6) 59. Be2 (59. Kg2 $1 $11 {was the only way to keep the balance.}) 59... Rc3+ $17 60. Kf2 Ra2 (60... Ra5 $17 {Strongly threatening ...Kg6.} 61. Rf6 Rc2) 61. Rxe5 $11 Rca3 {Precision: White = 41%, Black = 50%.} 1/2-1/2

[Event "GCT Saint Louis Blitz 2018"]
[Site "Saint Louis"]
[Date "2018.08.14"]
[Round "4"]
[White "Caruana, Fabiano"]
[Black "Mamedyarov, Shakhriyar"]
[Result "0-1"]
[WhiteElo "2709"]
[BlackElo "2795"]
[Annotator "TA"]
[PlyCount "102"]
[EventDate "2018.08.14"]
[EventType "tourn"]
[EventCountry "USA"]
[SourceTitle "playchess.com"]
[Source "ChessBase"]
[SourceQuality "1"]

{[%evp 18,102,0,-10,5,-23,-18,-27,-20,-12,-22,-51,-33,-30,-25,-69,-32,-74,-63,-81,-98,-102,-106,-97,-106,-158,-97,-106,-117,-143,-139,-137,-146,-147,-88,-97,-97,-114,-59,-118,-112,-124,-105,-108,-111,-104,-67,-80,-30,-101,-94,-143,24,-92,-50,-72,-77,-107,-96,-138,-126,-325,-306,-367,-352,-346,-357,-351,-228,-230,-238,-217,-187,-373,-351,-417,-380,-548,-535,-532,-538,-653,-705,-701,-650,-643,-613]} 1. e4 c6 2. d4 d5 3. e5 Bf5 4. Nf3 e6 5. Be2 Ne7 6. O-O c5 7. Be3 Nec6 8. c3 Nd7 9. Nbd2 {[%cal Bb1d2,Bd2f1,Bf1g3][%mdl 32]} Be7 {B12: Caro-Kann: Advance Variation} 10. a3 {LiveBook: 3 Games} (10. dxc5 Nxc5 11. Nd4 Bg6 12. f4 O-O 13. N2b3 Nxb3 14. axb3 Nxd4 15. Bxd4 a5 16. Bd3 Qd7 17. Bxg6 fxg6 {½-½ (71) Frolyanov,D (2563)-Ponkratov,P (2608) Khanty-Mansiysk 2017}) 10... a6 11. Re1 O-O {Black has an edge.} 12. Nf1 Rc8 $146 ({Predecessor:} 12... b5 13. Ng3 Bg6 14. b4 cxd4 15. cxd4 Nb6 16. Nd2 Nc4 17. Bxc4 bxc4 {0-1 (43) Mitchell,J-Santana,J (2213) New York 1999}) 13. Ng3 Bg6 14. Nd2 cxd4 15. cxd4 Qb6 16. b4 Nxd4 17. Bf1 {[#]} f6 $1 ({Reject} 17... Nxe5 $6 18. Nb3 $14) 18. Nb3 fxe5 {aiming for ...Bc2.} 19. Nxd4 exd4 20. Bxd4 Qd6 21. Ra2 (21. Bd3 $142) 21... Bf6 (21... e5 $142 22. Rae2 Bf6) 22. Bxf6 $17 Rxf6 23. Bd3 Bxd3 24. Qxd3 {With the idea Ne4!} Ne5 25. Qd4 Nc6 (25... Nc4 $142 26. Nh5 Rf7) 26. Qb6 Qc7 27. Qc5 Ne7 (27... Qf7 $17 28. f3 Rf4) 28. Qe3 (28. Qxc7 $15 Rxc7 29. Rae2) 28... Qc3 29. Qe2 Rcf8 30. h3 Nc6 31. Qd1 Nd4 32. Rd2 e5 ({Much weaker is} 32... Qxa3 $6 33. Rxd4 Rxf2 34. Qd3 $14) 33. Rd3 {[#]} (33. Nf1 $11 {keeps the balance.}) 33... Qc7 $1 34. f3 Nb5 $2 (34... Rc6 $17 {Strongly threatening ...Rc4.} 35. Nf1 Rc8) 35. Kh1 (35. Qb3 $11) 35... d4 $36 {[%mdl 2048] Black is more active.} 36. Ne4 Rc6 37. Qd2 Nc3 38. Nf2 Nd5 {[%cal Bc3d5,Bd5f4,Bf4d3][%mdl 32]} 39. Qg5 $2 (39. Qa2 $17 Rd8 40. Ne4) 39... Nf4 $19 40. Rd2 Rc1 41. Rdd1 Rxd1 42. Nxd1 Nd3 43. Re2 h6 44. Qd2 Nf4 45. Re1 $2 (45. Qa2+ Kh8 46. Rc2) 45... Rc8 46. Qa2+ Qc4 47. Qb1 (47. Qxc4+ {was forced.} Rxc4 48. Nf2) 47... Qc2 {Black is clearly winning.} 48. Qxc2 Rxc2 49. g3 Nd3 50. Rf1 Kf7 51. Kg1 Ke6 {Precision: White = 22%, Black = 60%.} 0-1

[Event "GCT Saint Louis Blitz 2018"]
[Site "Saint Louis"]
[Date "2018.08.14"]
[Round "5"]
[White "Aronian, Levon"]
[Black "Karjakin, Sergey"]
[Result "1/2-1/2"]
[WhiteElo "2871"]
[BlackElo "2898"]
[Annotator "TA"]
[PlyCount "106"]
[EventDate "2018.08.14"]
[EventType "tourn"]
[EventCountry "USA"]
[SourceTitle "playchess.com"]
[Source "ChessBase"]
[SourceQuality "1"]

{[%evp 17,106,4,15,0,3,8,4,0,0,0,6,-3,7,-19,0,0,0,0,0,-9,0,-9,0,-8,7,0,9,0,0,-18,0,-21,-28,-20,-25,-73,-64,-66,-71,-90,-79,-83,-70,-102,-72,-64,-90,-84,-67,-101,0,0,0,0,0,0,0,0,0,0,0,0,0,0,0,0,65,75,70,0,0,0,0,0,0,0,0,0,0,0,0,0,0,0,0,0,4,0,0,0,0]} 1. e4 e5 2. Nf3 Nc6 3. Bc4 Bc5 4. O-O Nf6 5. d3 O-O 6. h3 d6 7. c3 a6 8. a4 {C54: Giuoco Piano: 4 c3 Nf6, main lines with 5 d4 and 5 d3} h6 9. Re1 a5 {LiveBook: 9 Games} 10. Na3 $146 ({Predecessor:} 10. Nbd2 Be6 11. Bb5 Na7 12. d4 Nxb5 13. axb5 exd4 14. Nxd4 Bd7 15. Nf1 Re8 {½-½ (104) Vachier Lagrave,M (2789)-Karjakin,S (2782) Leuven 2018}) 10... Be6 11. Bxe6 fxe6 12. Nc2 Ba7 13. Be3 Bxe3 14. Nxe3 Qd7 15. Qb3 b6 16. Qb5 Rf7 17. Nd2 Raf8 18. Re2 Qe8 19. g3 Qa8 20. Kg2 Kh7 21. Rh1 Ng8 22. h4 Nf6 23. h5 Ne7 24. Kg1 Kh8 25. Rh4 Nh7 26. d4 exd4 27. cxd4 Nc6 {[%cal Be7c6,Bc6e5,Be5f3][%mdl 32]} 28. Qc4 e5 29. dxe5 Nxe5 30. Qd5 Qa6 31. Qb5 Qxb5 32. axb5 Ng5 33. Kg2 Ngf3 (33... Ne6 $17 {aiming for ...Nd4.} 34. Nf5 Nd3) 34. Nxf3 $11 Nxf3 35. Rg4 Nd4 36. Rd2 Nxb5 37. f4 Re8 38. Kf3 Na7 39. Rc2 Nb5 {[#] Hoping for ...Nd4+.} 40. Rd2 $1 Kh7 41. Rg6 Rf6 (41... Na7 $11) 42. Rxf6 $14 gxf6 {[%mdl 4096] Endgame KRN-KRN} 43. Nf5 (43. Rd5 $14 c6 44. Rd3) 43... a4 $11 {The position is equal.} 44. Rd5 a3 45. bxa3 Nxa3 46. Rd4 b5 47. Ne3 Kg7 48. Nf5+ Kh7 49. Ne3 Rf8 50. g4 Kg7 51. Nf5+ Kh7 52. Ne3 Kg7 53. Nf5+ Kh7 {Precision: White = 55%, Black = 62%.} 1/2-1/2